000 00549nam a2200229Ia 4500
003 OSt
005 20221005115617.0
006 a|||||r|||| 00| 0
007 ta
008 221004b |||||||| |||| 00| 0 mal d
024 _a56593
037 _cTextual
040 _aCRL
_cCRL
_bmal
041 _2mal
_amal
082 _aO32,3N141x, J2
245 0 _aChitra rekhakal
260 _c1952
300 _a133
_ccm.
650 _aMALAYALAM FICTION
_9183428
942 _hO32,3N141x, J2
_cTEXL
_2cc
999 _c1035372
_d1035372